[Event "Geneve op"]
[Site "Geneve"]
[Date "1999.01.27"]
[Round "5"]
[White "Liardet, Fabrice"]
[Black "Miton, Kamil"]
[Result "1/2-1/2"]
[WhiteElo "2308"]
[BlackElo "2383"]

1.d4 Nf6 2.c4 g6 3.Nc3 d5 4.cxd5 Nxd5 5.e4 Nxc3 6.bxc3 Bg7 7.Bc4 c5 8.Ne2 Nc6
9.Be3 O-O 10.Rc1 cxd4 11.cxd4 Qa5+ 12.Kf1 Qa3 13.Qd2 Rd8 14.h4 h5 15.Bh6 Bg4
16.Bxg7 Kxg7 17.Bd5 Nb4 18.Bb3 Rac8 19.Rxc8 Rxc8 20.f3 Bd7 21.Kf2 Ba4 22.Rb1 a5
23.Nc3 Bd7 24.Kg3 Na6 25.Qf4 e6 26.Nd5 exd5 27.Bxd5 Qe7 28.Rxb7 Nb4 29.Bb3 Rd8
30.e5 Nc6 31.Bd5 Nb4 32.Bb3 Nc6 33.Bd5 Nb4 34.Bc4 Rc8 35.Bb3 Rd8 36.Bc4  1/2-1/2

[Event "BL2-N9899"]
[Site "Germany"]
[Date "1999.01.31"]
[Round "5.6"]
[White "Knuth, Hannes"]
[Black "Giemsa, Stephan"]
[Result "0-1"]
[WhiteElo "2275"]
[BlackElo "2295"]

1.d4 Nf6 2.c4 g6 3.Nc3 d5 4.cxd5 Nxd5 5.e4 Nxc3 6.bxc3 Bg7 7.Nf3 c5 8.Rb1 O-O
9.Qd2 Nc6 10.d5 Na5 11.c4 e6 12.Bb2 Bxb2 13.Rxb2 exd5 14.cxd5 Re8 15.e5 Bg4
16.e6 fxe6 17.d6 Bxf3 18.gxf3 Nc6 19.Rxb7 Nd4 20.Qh6 Qa5+ 21.Kd1 Qa4+ 22.Ke1 Nxf3+
23.Ke2 Qc2+ 24.Kxf3  0-1

[Event "Bundesliga 9899"]
[Site "Germany"]
[Date "1999.01.31"]
[Round "9.5"]
[White "Lauber, Arnd"]
[Black "Smejkal, Jan"]
[Result "1/2-1/2"]
[WhiteElo "2418"]
[BlackElo "2525"]

1.d4 Nf6 2.c4 g6 3.Nc3 d5 4.cxd5 Nxd5 5.e4 Nxc3 6.bxc3 Bg7 7.Bb5+ c6 8.Ba4 O-O
9.Ne2 c5 10.O-O Nc6 11.Be3 Na5 12.Rb1 b6 13.Bb5 Bb7 14.Bd3 cxd4 15.cxd4 e6
16.Qd2 Rc8 17.Rfc1 Qd7 18.f3 Rxc1+ 19.Rxc1 Rc8 20.Rxc8+ Qxc8 21.Qc2 Qxc2
22.Bxc2 Ba6 23.Kf2 Bc4 24.Nc1 Kf8 25.Bd1 Ke7 26.Ke1 Kd7 27.g3 Nc6 28.Bb3 Na5
29.Bd1 Bf8 30.Kd2 Ba3 31.Nb3 Nxb3+ 32.axb3 Bb4+ 33.Kc2 Bf1 34.Bd2 Bxd2 35.Kxd2 Bb5
36.Kc3  1/2-1/2

[Event "Sydney Challenge schev"]
[Site "Sydney"]
[Date "1999.01.31"]
[Round "9"]
[White "Belin, Igor"]
[Black "Kalod, Radek"]
[Result "0-1"]
[WhiteElo "2335"]
[BlackElo "2453"]

1.d4 Nf6 2.c4 g6 3.Nc3 d5 4.cxd5 Nxd5 5.e4 Nxc3 6.bxc3 Bg7 7.Nf3 c5 8.Be2 O-O
9.Rb1 cxd4 10.cxd4 Qa5+ 11.Bd2 Qxa2 12.O-O a5 13.Qc1 Qe6 14.Bc4 Qxe4 15.Bxf7+ Rxf7
16.Qxc8+ Rf8 17.Qc4+ e6 18.Rb5 Qc6 19.Rc5 Qa6 20.Qa2 Nc6 21.Qxe6+ Kh8 22.Ng5 Qd3
23.Be3 Nxd4 24.Nf7+ Rxf7 25.Qxf7 Ne2+ 26.Kh1 Rf8 27.Qe7 Ng3+ 28.hxg3 Qxf1+
29.Kh2 Qd1 30.Qxb7 a4 31.Rd5 Qb3 32.Rb5 Qd3 33.Rd5 Qe4 34.Bh6 Bxh6 35.Rd7 Qxb7  0-1

[Event "HUN-ch"]
[Site "Lillafured"]
[Date "1999.02.01"]
[Round "1"]
[White "Chernin, Alexander"]
[Black "Horvath, Csaba"]
[Result "1-0"]
[WhiteElo "2604"]
[BlackElo "2524"]

1.d4 Nf6 2.c4 g6 3.Nc3 d5 4.cxd5 Nxd5 5.e4 Nxc3 6.bxc3 Bg7 7.Nf3 c5 8.Rb1 O-O
9.Be2 cxd4 10.cxd4 Qa5+ 11.Bd2 Qxa2 12.O-O b6 13.Qc1 Qe6 14.Re1 Bb7 15.Bb5 Na6
16.Bf4 Qc8 17.Qe3 Qd8 18.Rbc1 Rc8 19.Rxc8 Qxc8 20.Rc1 Qa8 21.Qa3 Nb8 22.d5 a6
23.Ba4 b5 24.Bb3 Nd7 25.Qxe7 Qd8 26.Qxd8 Rxd8 27.Rc7 Ba8 28.d6 h6 29.e5 Bxf3
30.e6 Bg4 31.e7 Re8 32.h3 Be6 33.Bxe6 fxe6 34.Rxd7 a5 35.Rc7 a4 36.d7 Kf7  1-0

[Event "HUN-ch"]
[Site "Lillafured"]
[Date "1999.02.01"]
[Round "1"]
[White "Tolnai, Tibor"]
[Black "Sax, Gyula"]
[Result "1/2-1/2"]
[WhiteElo "2535"]
[BlackElo "2524"]

1.d4 Nf6 2.c4 g6 3.Nc3 d5 4.cxd5 Nxd5 5.e4 Nxc3 6.bxc3 Bg7 7.Nf3 c5 8.Rb1 O-O
9.Be2 Qa5 10.O-O Qxc3 11.d5 Qa5 12.Bg5 f6 13.Be3 Nd7 14.Qc1 Kh8 15.Bb5 Qd8
16.Bxd7 Qxd7 17.Bxc5 b6 18.Bb4 Ba6 19.Re1 Bd3 20.Rb3 Rfc8 21.Rc3  1/2-1/2

[Event "HUN-ch"]
[Site "Lillafured"]
[Date "1999.02.03"]
[Round "3"]
[White "Pinter, Jozsef"]
[Black "Horvath, Csaba"]
[Result "1/2-1/2"]
[WhiteElo "2581"]
[BlackElo "2524"]

1.d4 Nf6 2.c4 g6 3.Nc3 d5 4.cxd5 Nxd5 5.e4 Nxc3 6.bxc3 Bg7 7.Bc4 c5 8.Ne2 Nc6
9.Be3 O-O 10.O-O Bg4 11.f3 Na5 12.Bxf7+ Rxf7 13.fxg4 Rxf1+ 14.Kxf1 cxd4 15.cxd4 e5
16.d5 Nc4 17.Qd3 b5 18.Rb1 a6 19.Kg1 Rc8 20.Bf2 Bf8 21.h3 Qa5 22.d6 Nxd6
23.Qd5+ Nf7 24.Rf1 Rc2 25.Nc1 Qd8 26.Qb3 Qc7 27.Nd3 Qc4 28.Ra1 Rd2 29.Ne1 Qe2
30.Bb6 Be7 31.Qf3 Rxa2 32.Qxe2 Rxe2 33.Nd3 Rxe4 34.Rxa6 Ra4 35.Ra5 Rxa5 36.Bxa5 Kg7
37.Bc3 Kf6 38.Nf4 Bc5+ 39.Kf1 Nd6 40.Ke2 g5 41.Nd5+ Ke6 42.Nc7+ Kf6 43.Kd3 Ba3
44.Kc2 Bc5 45.Kd3 h6 46.Ke2 Ba3  1/2-1/2

[Event "Yangon schev"]
[Site "Yangon"]
[Date "1999.02.03"]
[Round "4"]
[White "Bu Xiangzhi"]
[Black "Zaw Oo"]
[Result "1/2-1/2"]
[WhiteElo "2365"]
[BlackElo "2440"]

1.d4 Nf6 2.c4 g6 3.Nc3 d5 4.cxd5 Nxd5 5.e4 Nxc3 6.bxc3 Bg7 7.Nf3 c5 8.Rb1 O-O
9.Be2 Nc6 10.d5 Ne5 11.Nxe5 Bxe5 12.Qd2 e6 13.f4 Bc7 14.O-O exd5 15.exd5 b6
16.c4 Qd6 17.Bb2 f6 18.Bd3 Bd7 19.Rf3 Rae8 20.Rbf1 Re7 21.Rg3 Rg7 22.Bc3 a6
23.Rgf3 b5 24.Be5 Qb6 25.Bxc7 Qxc7 26.a3 Qd6 27.Rb1 Re7 28.h3 Kg7 29.Kh1 Rb8
30.Qa5 Qb6 31.Qxb6 Rxb6 32.Bf1 Bf5 33.Rb2 Re1 34.Kh2 Be4 35.Rff2 Ra1 36.cxb5 axb5
37.Rxb5 Rxb5 38.Bxb5 Rxa3 39.d6 Kf8 40.Re2 f5 41.Rd2 Ra8 42.g4 Rd8 43.Kg3 h6
44.Kf2 Ra8 45.Bd3 Bxd3 46.Rxd3 fxg4 47.hxg4 Ke8 48.Rd5 Kd7 49.Rxc5 Kxd6  1/2-1/2

[Event "HUN-ch (Women)"]
[Site "Lillafured"]
[Date "1999.02.05"]
[Round "5"]
[White "Horvath, Julia"]
[Black "Gara, Ticia"]
[Result "1/2-1/2"]
[WhiteElo "2248"]
[BlackElo "2240"]

1.d4 Nf6 2.c4 g6 3.Nc3 d5 4.cxd5 Nxd5 5.e4 Nxc3 6.bxc3 Bg7 7.Be3 c5 8.Qd2 Qa5
9.Rb1 a6 10.Nf3 Nc6 11.Bc4 O-O 12.Rc1 cxd4 13.cxd4 Qxd2+ 14.Kxd2 e6 15.Ke2 b5
16.Bd3 Bb7 17.Bb1 Rac8 18.Rhe1 Na5 19.Nd2 Rxc1 20.Rxc1 Rc8 21.Rxc8+ Bxc8
22.d5 exd5 23.exd5 f5 24.Kd3 Kf7 25.Bd4 Bh6 26.Nf3 Nc4 27.Ne5+ Nxe5+ 28.Bxe5 Bc1
29.f4 Ba3 30.Kd4 Ke7 31.Bc2 Bd6 32.g3 Ba3 33.Bb3 Bd6 34.Bd1 Ba3 35.Bb8 Kd7
36.Bb3 Bd6 37.Ba7 Kc7 38.Bc5 Bd7 39.a3 Be8 40.Bd1 Bd7  1/2-1/2

[Event "Malaga op"]
[Site "Malaga"]
[Date "1999.02.05"]
[Round "3"]
[White "San Segundo, Pablo"]
[Black "Alonso, Salvador"]
[Result "1-0"]
[WhiteElo "2483"]
[BlackElo "2339"]

1.d4 Nf6 2.c4 g6 3.Nc3 d5 4.cxd5 Nxd5 5.e4 Nxc3 6.bxc3 Bg7 7.Nf3 O-O 8.Be2 c5
9.Rb1 cxd4 10.cxd4 Qa5+ 11.Bd2 Qxa2 12.O-O Bg4 13.Bg5 Qe6 14.Re1 h6 15.Bh4 Qxe4
16.Bd3 Qf4 17.Bxe7 Re8 18.d5 Nd7 19.Rb4 Bxf3 20.gxf3 Qb8 21.d6 Bc3 22.Bxg6 Bxb4
23.Qd5 Rf8 24.Re4 Nf6 25.Bxf6 Qxd6 26.Bh7+  1-0

[Event "RUS-Cup03 (Geller mem)"]
[Site "Moscow"]
[Date "1999.02.07"]
[Round "6"]
[White "Daschian, Nikolai V"]
[Black "Beshukov, Sergei"]
[Result "1-0"]
[WhiteElo "2435"]
[BlackElo "2511"]

1.d4 Nf6 2.c4 g6 3.Nc3 d5 4.cxd5 Nxd5 5.e4 Nxc3 6.bxc3 Bg7 7.Be3 c5 8.Qd2 Qa5
9.Rb1 b6 10.Nf3 O-O 11.Rc1 cxd4 12.cxd4 Qxd2+ 13.Kxd2 e6 14.Bd3 Ba6 15.a4 Bxd3
16.Kxd3 Na6 17.Rc4 Rfd8 18.Ke2 Rac8 19.Rhc1 Rxc4 20.Rxc4 h6 21.Ne1 Kf8 22.Nc2 Ke7
23.Na3 Nb8 24.Bf4 Nd7 25.Nb5 e5 26.dxe5 Nc5 27.Be3 Bxe5 28.Bxc5+ bxc5 29.Rxc5 Bb8
30.Rc6 Rd7 31.g3 h5 32.h3 Rb7 33.Ke3 Kd7 34.Ra6 Ke7 35.f4 Kd7 36.e5 Ke7 37.Ke4 Kf8
38.Kd5 Ke7 39.Rc6 Rd7+ 40.Ke4 Rb7 41.g4 hxg4 42.hxg4 Kd7 43.Rf6 Ke7 44.g5 Kf8
45.Kd5 Ke7 46.Nd6 Bxd6 47.exd6+ Kd8 48.f5 gxf5 49.g6  1-0

[Event "RUS-Cup03 (Geller mem)"]
[Site "Moscow"]
[Date "1999.02.08"]
[Round "7"]
[White "Ovod, Evgenija"]
[Black "Vorobiov, Evgeny E"]
[Result "1/2-1/2"]
[WhiteElo "2264"]
[BlackElo "2477"]

1.d4 Nf6 2.c4 g6 3.Nc3 d5 4.cxd5 Nxd5 5.e4 Nxc3 6.bxc3 Bg7 7.Bb5+ c6 8.Ba4 b5
9.Bb3 b4 10.Bb2 bxc3 11.Bxc3 O-O 12.Qd2 Na6 13.Ne2 Nc7 14.Rd1 Ba6 15.O-O c5
16.Rfe1 Bxe2 17.Rxe2 Nb5 18.e5 Nxd4 19.Bxd4 cxd4 20.Qxd4 Qa5 21.Qd5 Qxd5  1/2-1/2

[Event "RUS-Cup03 (Geller mem)"]
[Site "Moscow"]
[Date "1999.02.10"]
[Round "9"]
[White "Sherbakov, Ruslan"]
[Black "Kachar, Vladimir"]
[Result "1-0"]
[WhiteElo "2559"]
[BlackElo "2390"]

1.d4 Nf6 2.c4 g6 3.Nc3 d5 4.cxd5 Nxd5 5.e4 Nxc3 6.bxc3 Bg7 7.Be3 c5 8.Qd2 O-O
9.Rc1 Qa5 10.Nf3 Bg4 11.d5 Nd7 12.c4 Qa3 13.Ng5 Nb6 14.h3 Bd7 15.Bd3 Na4
16.O-O a6 17.Nf3 b5 18.Bh6 Bxh6 19.Qxh6 f6 20.Bc2 e5 21.dxe6 Bxe6 22.e5 Ra7
23.Rfe1 fxe5 24.Bxg6 Rxf3 25.Be4 Rff7 26.Rcd1 Rad7 27.Bxh7+  1-0

[Event "Cappelle op"]
[Site "Cappelle la Grande"]
[Date "1999.02.13"]
[Round "1"]
[White "Murrey, Jacob"]
[Black "Dvoirys, Semen I"]
[Result "0-1"]
[WhiteElo "2463"]
[BlackElo "2562"]

1.d4 Nf6 2.c4 g6 3.Nc3 d5 4.cxd5 Nxd5 5.e4 Nxc3 6.bxc3 Bg7 7.Bc4 c5 8.Ne2 Nc6
9.Be3 O-O 10.h4 Qa5 11.Kf1 b6 12.h5 Ba6 13.Bxa6 Qxa6 14.hxg6 hxg6 15.f3 cxd4
16.cxd4 Rac8 17.Kf2 Nb4 18.Rb1 Rc4 19.Bh6 Qxa2 20.Bxg7 Kxg7 21.Ra1 Qb2 22.Rxa7 Rc2
23.Ke3 Rfc8 24.Ng3 Rxg2  0-1

[Event "Cappelle op"]
[Site "Cappelle la Grande"]
[Date "1999.02.18"]
[Round "6"]
[White "Belichev, Nikolai"]
[Black "Avrukh, Boris"]
[Result "0-1"]
[WhiteElo "2397"]
[BlackElo "2609"]

1.d4 Nf6 2.c4 g6 3.Nc3 d5 4.cxd5 Nxd5 5.e4 Nxc3 6.bxc3 Bg7 7.Qa4+ Nd7 8.Nf3 O-O
9.Bg5 c5 10.Rc1 h6 11.Be3 e6 12.Be2 b6 13.O-O Bb7 14.Nd2 a6 15.Qb3 Qc7 16.f3 Rac8
17.Qb2 Kh7 18.a4 Rb8 19.Qa3 Bc6 20.dxc5 bxc5 21.Nc4 Rb7 22.Bd3 f5 23.Bc2 Rbb8
24.Rcd1 Rbd8 25.Bf2 fxe4 26.Bg3 Qa7 27.fxe4 Rxf1+ 28.Rxf1 Nf6 29.Re1 Qa8
30.Bh4 Rf8 31.e5 Nh5 32.Ne3 Nf4 33.Qxc5 Bxg2 34.h3 Be4 35.Bg3 Nxh3+ 36.Kh2 Ng5
37.Rd1 Bxc2 38.Nxc2 Qf3 39.Ne3 Ne4  0-1

[Event "Cappelle op"]
[Site "Cappelle la Grande"]
[Date "1999.02.18"]
[Round "6"]
[White "Volkov, Sergey"]
[Black "Kalantarian, Norik"]
[Result "1-0"]
[WhiteElo "2587"]
[BlackElo "2381"]

1.d4 Nf6 2.c4 g6 3.Nc3 d5 4.cxd5 Nxd5 5.e4 Nxc3 6.bxc3 Bg7 7.Be3 c5 8.Qd2 Qa5
9.Rb1 b6 10.Bb5+ Bd7 11.Be2 Bc6 12.f3 Nd7 13.Rc1 Bb7 14.d5 O-O 15.h4 h5 16.Nh3 Ba6
17.c4 Qxd2+ 18.Bxd2 Bd4 19.Ng5 Kg7 20.Bc3 Rfe8 21.Kd2 e6 22.Rhd1 e5 23.Kc2 Nf8
24.g4 f6 25.Nh3 Bc8 26.Rh1 hxg4 27.fxg4 Nh7 28.Rh2 Bd7 29.Nf2 Rh8 30.Rg2 Nf8
31.Rh1 Re8 32.Kd2 Rh7 33.h5 Rh6 34.Bxd4 exd4 35.g5 fxg5 36.Rxg5 Nh7 37.Rg2 Nf6
38.Rhg1 Nxe4+ 39.Nxe4 Rxe4 40.Bd3 Rf4 41.Rxg6+ Rxg6 42.Rxg6+ Kf8 43.h6 Rh4
44.d6  1-0

[Event "BL2-O9899"]
[Site "Germany"]
[Date "1999.02.21"]
[Round "6.2"]
[White "Kunze, Carlo"]
[Black "Pribyl, Josef"]
[Result "1/2-1/2"]
[WhiteElo "2355"]
[BlackElo "2430"]

1.d4 Nf6 2.c4 g6 3.Nc3 d5 4.cxd5 Nxd5 5.e4 Nxc3 6.bxc3 Bg7 7.Nf3 c5 8.Rb1 O-O
9.Be2 Nc6 10.d5 Ne5 11.Nxe5 Bxe5 12.Qd2 e6 13.f4 Bc7 14.O-O exd5 15.exd5 Ba5
16.Rb3 Qd6 17.Qd1 Bd7 18.Rxb7 Bb6 19.f5 Bc8 20.Bf4 c4+ 21.Kh1 Qc5 22.fxg6 hxg6
23.Rb8 Rxb8 24.Bxb8 Bb7 25.Be5  1/2-1/2

[Event "Alushta"]
[Site "Alushta"]
[Date "1999.03.09"]
[Round "7"]
[White "Korotylev, Alexey"]
[Black "Atalik, Suat"]
[Result "0-1"]
[WhiteElo "2440"]
[BlackElo "2593"]

1.d4 Nf6 2.c4 g6 3.Nc3 d5 4.cxd5 Nxd5 5.e4 Nxc3 6.bxc3 Bg7 7.Bb5+ c6 8.Ba4 O-O
9.Ne2 c5 10.O-O Nc6 11.Be3 Na5 12.Rb1 b6 13.Bb5 Bb7 14.f3 cxd4 15.cxd4 e6
16.Rc1 Qe7 17.Qd2 Rfc8 18.Rxc8+ Rxc8 19.Rc1 Rxc1+ 20.Qxc1 Qb4 21.Bd3 Nc6
22.e5 Ne7 23.Be4 Nd5 24.Bd2 Qa4 25.Qc2 Qd7 26.h4 Ba6 27.Ng3 f5 28.exf6 Bxf6
29.Bg5 Bxd4+ 30.Kh2 Be5 31.Bxg6 Qg7 32.Be4 h6 33.Bxd5 exd5 34.f4 hxg5 35.fxe5 gxh4
36.Nf5 Qxe5+ 37.Kh3 d4 38.Kxh4 Qf6+ 39.Kg4 d3 40.Qb3+ Kh7 41.Kf4 d2 42.Qh3+ Kg8
43.Qg3+ Kf7 44.Qb3+ Qe6 45.Nd6+ Ke7 46.Nf5+ Kd7 47.Qa4+ Kc7 48.Ne3 Qd6+ 49.Kf3 Qd3
50.Kf4 Kb7 51.g4 Bc4  0-1

[Event "Budapest FS03 IM"]
[Site "Budapest"]
[Date "1999.03.10"]
[Round "5"]
[White "Bu Xiangzhi"]
[Black "Gara, Ticia"]
[Result "1-0"]
[WhiteElo "2365"]
[BlackElo "2216"]

1.d4 Nf6 2.c4 g6 3.Nc3 d5 4.cxd5 Nxd5 5.e4 Nxc3 6.bxc3 Bg7 7.Nf3 c5 8.Rb1 O-O
9.Be2 cxd4 10.cxd4 Qa5+ 11.Bd2 Qxa2 12.O-O b6 13.Bg5 e6 14.Ra1 Qb2 15.Qd3 Qb4
16.e5 Ba6 17.Rxa6 Nxa6 18.Qxa6 h6 19.Bd2 Qe7 20.Rc1 Rfd8 21.Bb5 Bf8 22.h3 Kg7
23.Rc4 Qa3 24.Rc7 Qxa6 25.Bxa6 Ba3 26.Bc3 Kf8 27.Nd2 Kg7 28.Nc4 Bf8 29.Rb7 Rab8
30.d5 exd5 31.Nd6 Bxd6 32.exd6+ Kg8 33.d7  1-0

[Event "Spring Festival 15th"]
[Site "Budapest"]
[Date "1999.03.20"]
[Round "4"]
[White "Heinlein, Reinhold"]
[Black "Schneider, Heiko"]
[Result "1-0"]
[WhiteElo "2108"]
[BlackElo "2252"]

1.d4 Nf6 2.c4 g6 3.Nc3 d5 4.cxd5 Nxd5 5.e4 Nxc3 6.bxc3 Bg7 7.Bc4 c5 8.Ne2 O-O
9.O-O Nc6 10.Be3 Qc7 11.Rc1 Rd8 12.Qa4 Bd7 13.Qa3 Rac8 14.Qxc5 b6 15.Qg5 Ne5
16.Ba6 Ng4 17.Bf4 e5 18.dxe5 h6 19.Qh4 g5 20.e6 gxh4 21.Bxc7 Rxc7 22.exd7 Rcxd7
23.h3 Nf6 24.e5 Ne4 25.f4 Bf8 26.f5 Rd2 27.Rf4 Nc5 28.Bc4 Nd3 29.Rg4+ Kh7
30.Bxd3 R8xd3 31.Nd4 Re3 32.e6 fxe6 33.Nxe6 Bd6 34.Rf1 Bg3 35.Nf4 Re1 36.Rxe1 Bxe1
37.f6 Bg3 38.Rg7+  1-0

[Event "Bundesliga 9899"]
[Site "Germany"]
[Date "1999.03.21"]
[Round "13.4"]
[White "Lauber, Arnd"]
[Black "Berndt, Stephan"]
[Result "0-1"]
[WhiteElo "2418"]
[BlackElo "2501"]

1.d4 Nf6 2.c4 g6 3.Nc3 d5 4.cxd5 Nxd5 5.e4 Nxc3 6.bxc3 Bg7 7.Bb5+ c6 8.Ba4 O-O
9.Ne2 e5 10.O-O Nd7 11.Bb3 Qe7 12.Qc2 Re8 13.f3 b6 14.Be3 Ba6 15.Rad1 Rac8
16.dxe5 Nxe5 17.Rd2 Rcd8 18.Rfd1 Rxd2 19.Qxd2 Nc4 20.Bxc4 Bxc4 21.Bd4 Rd8
22.Qc2 Qd7 23.Re1 Bxe2 24.Qxe2 Bxd4+ 25.cxd4 Qxd4+ 26.Kf1 Qc3 27.e5 Rd2 28.Qe4 Qc2
29.Qh4 Qxa2 30.e6 fxe6 31.Qf4 Qd5  0-1

[Event "Bundesliga 9899"]
[Site "Germany"]
[Date "1999.03.21"]
[Round "13.4"]
[White "Wells, Peter K"]
[Black "Holzke, Frank"]
[Result "1/2-1/2"]
[WhiteElo "2492"]
[BlackElo "2447"]

1.d4 Nf6 2.c4 g6 3.Nc3 d5 4.cxd5 Nxd5 5.e4 Nxc3 6.bxc3 Bg7 7.Nf3 c5 8.Rb1 O-O
9.Be2 Nc6 10.d5 Ne5 11.Nxe5 Bxe5 12.Qd2 b6 13.O-O e6 14.f4 Bg7 15.Bc4 Bb7
16.dxe6 Bxe4 17.exf7+ Kh8 18.Rb2 Qxd2 19.Bxd2 Rad8 20.Re1 Bd3 21.Bxd3 Rxd3
22.Re7 Bxc3 23.Bxc3+ Rxc3 24.Rxa7 Kg7 25.Rxb6 Rxf7 26.Rxf7+ Kxf7 27.Kf2  1/2-1/2

[Event "Novgorod op"]
[Site "Novgorod"]
[Date "1999.03.21"]
[Round "3"]
[White "Evseev, Denis"]
[Black "Dvoirys, Semen I"]
[Result "0-1"]
[WhiteElo "2503"]
[BlackElo "2562"]

1.d4 Nf6 2.c4 g6 3.Nc3 d5 4.cxd5 Nxd5 5.e4 Nxc3 6.bxc3 Bg7 7.Nf3 c5 8.Rb1 O-O
9.Be2 cxd4 10.cxd4 Qa5+ 11.Qd2 Qxd2+ 12.Bxd2 Rd8 13.d5 Na6 14.Bg5 Kf8 15.O-O Nc5
16.Nd2 b6 17.Rfc1 Bd7 18.Be3 Na4 19.Ba6 Bc8 20.Bf1 f5 21.f3 Bf6 22.Rb4 Bd7
23.Nc4 Bg7 24.e5 b5 25.Na3 Nb6 26.Rd1 Be6 27.Bxb6 axb6 28.Nxb5 Bxe5 29.Re1 Rxd5
30.Bc4 Rxb5 31.Bxb5 Bc3 32.Rxe6 Bxb4 33.a4 Rd8 34.Kf2 Rd2+ 35.Re2 Bc5+ 36.Ke1 Rd4
37.Rc2 Rb4 38.Ke2 e5 39.Rd2 Ke7 40.Rd7+ Kf6 41.Rxh7 Rb2+ 42.Kd3 Rxg2 43.h4 Rg3
44.Ke2 e4 45.fxe4 fxe4 46.h5 Rg2+ 47.Kd1 g5 48.Rc7 e3 49.Be2 Rg1+ 50.Kc2 Ra1
51.h6 Ra2+ 52.Kd1 Rxa4 53.h7 Rh4 54.Bd3 Rh2 55.Ke1 Ke5 56.Rd7 Kf4 57.Rf7+ Kg3
58.Rg7 g4 59.Rd7 Bb4+ 60.Kd1 Rd2+ 61.Kc1 Bc3 62.Rc7 Bb2+ 63.Kb1 Bh8 64.Ba6 e2  0-1

[Event "Spring Festival 15th"]
[Site "Budapest"]
[Date "1999.03.22"]
[Round "6"]
[White "Meiser, Markus"]
[Black "Kis, Bela"]
[Result "1/2-1/2"]
[WhiteElo "2245"]
[BlackElo "2166"]

1.d4 Nf6 2.c4 g6 3.Nc3 d5 4.cxd5 Nxd5 5.e4 Nxc3 6.bxc3 Bg7 7.Bc4 c5 8.Ne2 Nc6
9.Be3 O-O 10.O-O Qc7 11.Rc1 Rd8 12.Qd2 Qa5 13.Qb2 b6 14.dxc5 bxc5 15.Qb5 Bd7
16.Qxc5 Rac8 17.Bb3 Qa6 18.Qc4 Qxc4 19.Bxc4 Na5 20.Ba6 Rb8 21.Rfd1 Be6 22.Bxa7 Rxd1+
23.Rxd1 Ra8 24.Be3 Bxc3 25.Nxc3 Rxa6 26.Bh6 Nc6 27.Nd5 Bxd5 28.exd5 Nb4 29.Rd2 Nxa2
30.Rb2  1/2-1/2

[Event "Novgorod op"]
[Site "Novgorod"]
[Date "1999.03.22"]
[Round "4"]
[White "Sherbakov, Ruslan"]
[Black "Vokarev, Sergey"]
[Result "1-0"]
[WhiteElo "2559"]
[BlackElo "2462"]

1.d4 Nf6 2.c4 g6 3.Nc3 d5 4.cxd5 Nxd5 5.e4 Nxc3 6.bxc3 Bg7 7.Nf3 c5 8.Rb1 O-O
9.Be2 cxd4 10.cxd4 Qa5+ 11.Bd2 Qxa2 12.O-O Bg4 13.Bg5 h6 14.Bh4 a5 15.Rxb7 g5
16.Bg3 a4 17.Rc7 Qb3 18.Qxb3 axb3 19.Rb1 b2 20.Rxb2 Ra1+ 21.Bf1 Bxf3 22.gxf3 Bxd4
23.Rb5 Ra2 24.Bc4 Rb2 25.Rf5 Rb4 26.Kg2 Bb6 27.Bxf7+ Rxf7 28.Rc8+ Kg7 29.Be5+ Rf6
30.Rxb8 Kg6 31.Bc3 Rb3 32.Bxf6 exf6 33.f4 Rb2 34.fxg5 hxg5 35.h3 Rb4 36.Rf3 Rb2
37.Rb7 Rb4 38.Kh2 Rb2 39.Kg2 Rb4 40.Rb8 Rb2 41.e5 fxe5 42.Rg8+ Kh7 43.Rxg5 e4
44.Rf4 Kh6 45.Rg8 Kh7 46.Rg3  1-0

[Event "Spring Festival 15th"]
[Site "Budapest"]
[Date "1999.03.23"]
[Round "7"]
[White "Bu Xiangzhi"]
[Black "Meiser, Markus"]
[Result "1-0"]
[WhiteElo "2365"]
[BlackElo "2245"]

1.d4 Nf6 2.c4 g6 3.Nc3 d5 4.cxd5 Nxd5 5.e4 Nxc3 6.bxc3 Bg7 7.Nf3 c5 8.Rb1 O-O
9.Be2 cxd4 10.cxd4 Qa5+ 11.Bd2 Qxa2 12.O-O Nd7 13.Bb4 Nb6 14.Bxe7 Re8 15.Ra1 Qe6
16.Bc5 Nd7 17.Bb4 Qxe4 18.Bc4 Qf5 19.Ra5 Qf6 20.Ng5 Re6 21.Nxe6 fxe6 22.d5 Nb6
23.Bb3 exd5 24.Rxd5 Be6 25.Rd6  1-0

[Event "Bled op"]
[Site "Bled"]
[Date "1999.03.24"]
[Round "5"]
[White "Krivoshey, Sergei"]
[Black "Jelen, Igor"]
[Result "1-0"]
[WhiteElo "2451"]
[BlackElo "2389"]

1.d4 Nf6 2.c4 g6 3.Nc3 d5 4.cxd5 Nxd5 5.e4 Nxc3 6.bxc3 Bg7 7.Nf3 c5 8.Rb1 O-O
9.Be2 cxd4 10.cxd4 Qa5+ 11.Qd2 Qxd2+ 12.Bxd2 b6 13.O-O Bb7 14.d5 Ba6 15.Bxa6 Nxa6
16.Be3 f5 17.e5 f4 18.Bc1 Rad8 19.Rd1 Rf5 20.Bb2 Nc7 21.Nd4 Rff8 22.Nc6 Rd7
23.Ba3  1-0

[Event "Bled op"]
[Site "Bled"]
[Date "1999.03.26"]
[Round "7"]
[White "Jelen, Igor"]
[Black "Sebenik, Matej"]
[Result "1/2-1/2"]
[WhiteElo "2389"]
[BlackElo "2154"]

1.d4 Nf6 2.c4 g6 3.Nc3 d5 4.cxd5 Nxd5 5.e4 Nxc3 6.bxc3 Bg7 7.Nf3 c5 8.Rb1 O-O
9.Be2 cxd4 10.cxd4 Qa5+ 11.Bd2 Qxa2 12.O-O Bg4 13.Be3 Nc6 14.d5 Bxf3 15.Bxf3 Ne5
16.Be2 Nc4 17.Bg5 Rfe8 18.Rxb7 Nd6 19.Rb4 a5 20.Ra4 Qb2 21.Bc1 Qb7 22.f4 Bb2
23.Be3 f5 24.e5 Ne4 25.Bd4 Nc3 26.Bxc3 Bxc3 27.g4 Bb4 28.gxf5 gxf5 29.Kh1 Kh8
30.Bf3 Qb5 31.Ra2 Rac8 32.Rg2 Qc4 33.Be2 Qc5 34.Qd3 Rg8 35.Bf3 Rxg2 36.Bxg2 Qc2
37.Qxc2 Rxc2 38.Bh3 Rd2 39.Bxf5 Rxd5 40.Kg2 Rd2+ 41.Kg3 Kg7 42.Be6 Re2 43.h3 Re1
44.Rf2 Rg1+ 45.Kh2 Rd1 46.Rg2+ Kh6 47.Kg3  1/2-1/2

[Event "Amber Rapidplay"]
[Site "Monte Carlo"]
[Date "1999.03.26"]
[Round "9"]
[White "Gelfand, Boris"]
[Black "Van Wely, Loek"]
[Result "1-0"]
[WhiteElo "2691"]
[BlackElo "2632"]

1.d4 Nf6 2.c4 g6 3.Nc3 d5 4.cxd5 Nxd5 5.e4 Nxc3 6.bxc3 Bg7 7.Bb5+ c6 8.Ba4 O-O
9.Ne2 b5 10.Bb3 a5 11.O-O e5 12.a4 exd4 13.cxd4 b4 14.Be3 Ba6 15.Rc1 Qe7
16.e5 Rc8 17.f4 c5 18.f5 c4 19.Bc2 gxf5 20.Rxf5 Nd7 21.Nf4 Bb7 22.Qg4 Ra6
23.Rg5 Rg6 24.Bxg6 fxg6 25.Nxg6 hxg6 26.Rxg6 Nf8 27.Rd6 b3 28.Bg5 Qc7 29.Bh6 b2
30.Rf1 c3 31.e6 Qe7 32.Rb6 Rc7 33.Rf7 Qxf7 34.exf7+ Rxf7 35.d5 Bxd5 36.Rb8 Ba2
37.Bxg7 Rxg7 38.Qf5 Rf7 39.Qg5+ Rg7 40.Qf5 Rf7 41.Qc2 Rc7 42.Qg6+ Rg7 43.Qf6 b1=Q+
44.Rxb1 Bxb1 45.Qxc3 Ba2 46.Qxa5 Ne6 47.Qd2 Bc4 48.a5 Rg5 49.h4 Rc5 50.Qd7 Rc7
51.Qd6 Kf7 52.g4 Ra7 53.Qe5 Rd7 54.h5 Rd5 55.Qe4 Rd1+ 56.Kh2 Bd5 57.Qe3 Ra1
58.g5 Rxa5 59.g6+ Ke7 60.Qc3 Ra2+ 61.Kg1 Rg2+ 62.Kf1 Rg5 63.h6 Rxg6 64.h7 Rh6
65.h8=Q Rxh8 66.Qxh8 Kd7 67.Qe5 Bc6 68.Kf2 Nc7 69.Kg3 Kc8 70.Kf4 Kb7 71.Qb2+ Ka8
72.Qa3+ Kb7 73.Ke5 Nb5 74.Qa5 Na7 75.Kd6 Nc8+ 76.Kc5 Bd7 77.Qd8 Ba4 78.Qd5+ Ka7
79.Qd4 Be8 80.Qd8  1-0

[Event "Team Match 2nd"]
[Site "San Francisco"]
[Date "1999.03.26"]
[Round "1"]
[White "Fuhrmann, Dirk"]
[Black "Zugic, Igor"]
[Result "0-1"]
[WhiteElo "2165"]
[BlackElo "2370"]

1.d4 Nf6 2.c4 g6 3.Nc3 d5 4.cxd5 Nxd5 5.e4 Nxc3 6.bxc3 Bg7 7.Nf3 c5 8.Rb1 O-O
9.Be2 Nc6 10.d5 Ne5 11.Nd2 f5 12.c4 fxe4 13.O-O b6 14.Rb3 e6 15.Nxe4 exd5
16.Bg5 Qd7 17.cxd5 Bb7 18.Nc3 c4 19.Rb1 Rac8 20.f4 Nd3 21.Bg4 Rf5 22.Qd2 Bxd5
23.Nxd5 Qxd5 24.Rbd1 Re8 25.Bxf5 gxf5 26.h3 Re4 27.Kh2 Qe6 28.Qc2 h6 29.Bh4 Nxf4
30.Rde1 Ne2 31.Rf2 Be5+ 32.g3 Nd4 33.Rxe4 Nxc2 34.Rxe5 Qxe5 35.Rxc2 c3  0-1

[Event "Team Match 2nd"]
[Site "San Francisco"]
[Date "1999.03.26"]
[Round "1"]
[White "Watson, John L"]
[Black "Keatinge Clay, Adrian"]
[Result "0-1"]
[WhiteElo "2357"]
[BlackElo "2295"]

1.d4 Nf6 2.c4 g6 3.Nc3 d5 4.cxd5 Nxd5 5.e4 Nxc3 6.bxc3 Bg7 7.Nf3 O-O 8.Be2 c5
9.Rb1 cxd4 10.cxd4 Qa5+ 11.Bd2 Qxa2 12.O-O Nd7 13.Bb4 Qe6 14.Re1 a6 15.Qc2 Re8
16.Bc4 Qg4 17.h3 Qf4 18.e5 Nf8 19.Re4 Qf5 20.g4 Qd7 21.Ng5 Ne6 22.Nxf7 Kxf7
23.d5 Kg8 24.dxe6 Qc6 25.Qe2 b5 26.Ba2 Bb7 27.f3 Bh6 28.Be1 Rac8 29.Bb3 a5
30.Bxa5 Qc5+ 31.Kg2 Bxe4 32.Qxe4 Bg7 33.f4 g5 34.Bb4 Qc7 35.Re1 gxf4 36.Kf3 Red8
37.Kg2 f3+ 38.Qxf3 Bxe5 39.Qf7+ Kh8 40.Qxe7 Qc6+ 41.Kf2 Rd3 42.Qf7 Bd4+ 43.Ke2 Qe4+  0-1

[Event "Schloss Open A 5th"]
[Site "Werther"]
[Date "1999.03.27"]
[Round "2"]
[White "Schnur, Gerhard"]
[Black "Seger, Ruediger"]
[Result "0-1"]
[WhiteElo "2113"]
[BlackElo "2384"]

1.d4 Nf6 2.c4 g6 3.Nc3 d5 4.cxd5 Nxd5 5.e4 Nxc3 6.bxc3 Bg7 7.Nf3 c5 8.Be3 Qa5
9.Qd2 Nc6 10.Rc1 cxd4 11.cxd4 Qxd2+ 12.Kxd2 O-O 13.Bb5 f5 14.exf5 Bxf5 15.Bxc6 bxc6
16.Rxc6 Rab8 17.Rhc1 Rb2+ 18.Ke1 Rxa2 19.Rc7 Bf6 20.Ne5 Rd8 21.Nc6 Rd7 22.Nb4 Ra5
23.Rxd7 Bxd7 24.Rc7 Ba4 25.Kd2 Kf7 26.d5 Rb5 27.Bc5 a5 28.Nd3 Ke8 29.Ra7 Bb3
30.Ra8+ Kf7 31.d6 exd6 32.Ra7+ Ke8 33.Ra8+ Kd7 34.Ra7+ Ke6 35.Ra6 Be7 36.Bd4 g5
37.Bc3 a4 38.f4 Rd5 39.Ke3 Bc4 40.Nb4 gxf4+ 41.Kxf4 Bxa6  0-1